Recueil de planches, sur les sciences, les arts libéraux, et les arts méchaniques, avec leur explication ; septieme volume. (Record no. 163112)

MARC details
000 -LEADER
campo de control de longitud fija 02052nam a2200325 i 4500
001 - NÚMERO DE CONTROL
campo de control 163112
003 - IDENTIFICADOR DE NÚMERO DE CONTROL
campo de control ES-MaACL
005 - FECHA Y HORA DE LA ÚLTIMA TRANSACCIÓN
campo de control 20250817050310.0
008 - DATOS DE LONGITUD FIJA--INFORMACIÓN GENERAL
campo de control de longitud fija 931025s1769 fr f e 001 0 fre d
245 00 - MENCIÓN DEL TÍTULO
Título Recueil de planches, sur les sciences, les arts libéraux, et les arts méchaniques, avec leur explication ; septieme volume.
260 ## - PUBLICACIÓN, DISTRIBUCIÓN, ETC.
Lugar de publicación, distribución, etc. A Paris :
Nombre del editor, distribuidor, etc. chez Briasson, chez Le Breton,
Fecha de publicación, distribución, etc. 1769.
300 ## - DESCRIPCIÓN FÍSICA
Extensión [6], 4, 1 p., III h. de grab., 1 p., V h. de grab., 12 p., XVII h. de grab., 1 p., II h. de grab., 6 p., XXXII h. de grab., 2 p., VII h. de grab., 2 p., X h. de grab., 12 p., XXXVI h. de grab., 1 p., VI h. de grab., 11 p., XIII h. de grab., 16 p., XXXVII h. de grab., 5 p., XX h. de grab., 5 p., XXX h. de grab., 22 p., XIX h. de grab. ;
Dimensiones Fol.
500 ## - NOTA GENERAL
Nota general Véase además: Encyclopédie ou dictionnaire raisoné des sciences, des arts et des métiers... Paris, Briasson. 1751-1761.
505 8# - NOTA DE CONTENIDO CON FORMATO
Nota de contenido con formato Contiene: 259 planches Hongroyeur, Imprimiere en taille douce. Manège et équitation. Maréchal- ferrant. Maréchal grossier. Marine. Evolutions navales. Forge des ancres. Maroquinier. Menniserie en batiments. Mennisier en menbles. Manniserie en voitures. Musique
530 ## - NOTA DISPONIBLE DE FORMULARIO FÍSICO ADICIONAL
Nota de formato físico adicional disponible Disponible en formato digital.
597 ## - NOTA DE DESCRIPCIÓN FÍSICA
NOTA DE DESCRIPCIÓN FÍSICA Sign. irregular.
597 ## - NOTA DE DESCRIPCIÓN FÍSICA
NOTA DE DESCRIPCIÓN FÍSICA Texto a dos col.
597 ## - NOTA DE DESCRIPCIÓN FÍSICA
NOTA DE DESCRIPCIÓN FÍSICA Antep.
597 ## - NOTA DE DESCRIPCIÓN FÍSICA
NOTA DE DESCRIPCIÓN FÍSICA Port. con grab. xil.
599 ## - NOTA A LAS ILUSTRACIONES
NOTA A LAS ILUSTRACIONES Las h. de grab. calc.: "Hargintez, y Lucotte del., Bernard fecit."
630 04 - PUNTO DE ACCESO ADICIONAL DE MATERIA--TÍTULO UNIFORME
Título uniforme Encyclopédie ou Dictionnaire raisonné des sciences, des arts et des métiers-
Subdivisión de forma Ilustraciones
9 (RLIN) 121148
650 #7 - PUNTO DE ACCESO ADICIONAL DE MATERIA--TÉRMINO DE MATERIA
Término de materia o nombre geográfico como elemento de entrada Grabado francés
Fuente del encabezamiento o término embne
9 (RLIN) 162674
650 #4 - PUNTO DE ACCESO ADICIONAL DE MATERIA--TÉRMINO DE MATERIA
Término de materia o nombre geográfico como elemento de entrada Enciclopedias.
9 (RLIN) 12235
740 02 - ENTRADA AGREGADA--TÍTULO RELACIONADO/ANALÍTICO NO CONTROLADO
Título relacionado o analítico no controlado Dictionnaire des sciences.
740 22 - ENTRADA AGREGADA--TÍTULO RELACIONADO/ANALÍTICO NO CONTROLADO
Título relacionado o analítico no controlado L'Encyclopédie Diderot et d'Alembert.
852 4# - LOCALIZACIÓN
Ubicación ES-MaACL
Número de control de estantería R-2133
Nota libre - Enc. pasta con hierros dorados
-- - Ex-libris del duque de Hyjar
Signatura antigua - Olim: C-10429
856 4# - LOCALIZACIÓN Y ACCESO ELECTRÓNICOS
Identificador Uniforme de Recursos <a href="https://www.biodiversitylibrary.org/page/44627710 ">https://www.biodiversitylibrary.org/page/44627710 </a>
Nota pública Europeana
856 4# - LOCALIZACIÓN Y ACCESO ELECTRÓNICOS
Identificador Uniforme de Recursos <a href="https://www.biodiversitylibrary.org/page/50081527 ">https://www.biodiversitylibrary.org/page/50081527 </a>
Nota pública Europeana
Holdings
Estatus retirado Estado de pérdida Estado de daño No para préstamo Colección Biblioteca de origen Biblioteca actual Ubicación en estantería Fecha de adquisición Fuente de adquisición Total de préstamos Signatura topográfica completa Código de barras Visto por última vez Precio de reemplazo Tipo de ítem Koha
        Colección digital Biblioteca del Ateneo de Madrid Biblioteca del Ateneo de Madrid Depósito 17/01/2008     R-2133 1170922 23/02/2023 23/02/2023 Libro impreso antiguo